000 00435nam a2200205Ia 4500
001 12716
003 GE_BSU
008 181216s||||||||xx |||||||||||||| ||und||
020 _a9780330426725
040 _cGE_BSU
080 _a821.111-32
100 _aRobinson, Peter
245 _aCaedmon's Song
260 _aLondon
260 _bPan books
260 _c1990
300 _a328p.18cm.
653 _aCaedmon's Song
942 _cBK
999 _c45887
_d45887